01068nam a2200217 i 4500001000700000003000900007005001700016008004100033080002500074100003300099245013000132260007700262300003300339490007800372651007100450710007300521830008600594852002500680999001900705952012600724181740ES-MaACL20230906221438.0130321s1922 sp | |||| ||spa d a904(460.235):7.031.31 aSerra i Vilaró, J.910563810aPoblado ibérico de San Miguel de Sorba b: memoria de las excavaciones realizadas en 1920-21 / cpor Juan Serra y Vilaró. aMadrid : b[s.n.], c1922 (fTip. de la "Rev. de Arch., Bibl. y Museos") a46 p., XIX lám. ; c24 cm.1 aJunta Superior de Excavaciones y Antigüedades ; vn. 44 = n. 9, 1920-21 4aBarcelona (Provincia)-xRestos arqueológicos ibéricos.91524862 aEspaña. bJunta Superior de Excavaciones y Antigüedades.91524630 aJunta Superior de Excavaciones y Antigüedades ; vn. 44 = n. 9, 1920-219191570 aES-MaACLjE-3370(16) c181740d181740 00104070aATENEOMbATENEOMcDEPO2d2013-03-21eDONl0oE-3370(16)p1190990r2023-02-23 00:00:00w2023-02-23yMONOGRAFIA